Westdeutsche Städte - Sudden Death - Statistiken

Allgemein
  • Dieses Quiz wurde 499 mal gespielt
  • Das Durchschnittsergebnis liegt bei 12 aus 16
Answers on the Grid
Answers color-coded by a green-red scale on the quiz's grid according to % correct below.
Wuppertal
Dresden
Aue
Hof
Bergisch-Gladbach
München
Frankfurt O.
Jena
Verl
Meppen
Potsdam
Oranienburg
Paderborn
Trier
Freital
Gelsenkirchen
Kiel
Rostock
Leipzig
Nürnberg
Schwerin
Flensburg
Bremen
Hamburg
Stuttgart
Oldenburg
Cottbus
Chemnitz
Erfurt
Magdeburg
 
Antwortstatistiken
Antwort % Korrekt
Wuppertal
96%
Bergisch-Gladbach
89%
Gelsenkirchen
88%
Paderborn
85%
Trier
80%
Stuttgart
79%
Bremen
77%
München
77%
Hamburg
76%
Kiel
75%
Meppen
73%
Nürnberg
73%
Flensburg
71%
Oldenburg
70%
Verl
70%
Hof
64%
Keine übereinstimmenden Quizze gefunden
Verteilung der Resultate
Anzahl Personen mit jedem Resultat
Perzentil nach korrekt beantworteten Fragen
Ihre Resultats-Entwicklung
Sie haben dieses Quiz noch nicht gespielt